|
|
|
|
| LEADER |
01059nam a2200325 4500 |
| 001 |
DLU090094578 |
| 005 |
##20091201 |
| 040 |
# |
# |
|a DLU
|b eng
|
| 041 |
# |
# |
|a eng
|
| 044 |
# |
# |
|a us
|
| 100 |
# |
# |
|a Abdel-Aziz, Amr.
|
| 245 |
# |
# |
|a Propagation of uncertainty in hourly utility NOx emissions through a photochemical grid air quality model : A case study for the Charlotte, NC, modeling domain /
|c Amr Abdel-Aziz, H. Christopher Frey.
|
| 653 |
# |
# |
|a Air pollution
|
| 653 |
# |
# |
|a Autocorrelation
|
| 653 |
# |
# |
|a Coal power plant
|
| 653 |
# |
# |
|a Emission inventory
|
| 653 |
# |
# |
|a Nitrogen oxide
|
| 653 |
# |
# |
|a Ozone
|
| 653 |
# |
# |
|a Pollutant emission
|
| 700 |
# |
# |
|a Frey, H. Christopher.
|
| 773 |
# |
# |
|t Environmental Science & Technology
|g Vol. 38, no. 7 (April 2004), p. 2153-2160
|
| 920 |
# |
# |
|a Phòng Tạp chí -- Trung tâm Thông tin - Thư viện Trường Đại học Đà Lạt
|
| 994 |
# |
# |
|a DLU
|
| 900 |
# |
# |
|a True
|
| 911 |
# |
# |
|a Trương Bảo Trâm Anh
|
| 925 |
# |
# |
|a G
|
| 926 |
# |
# |
|a A
|
| 927 |
# |
# |
|a BB
|
| 980 |
# |
# |
|a Thư viện Trường Đại học Đà Lạt
|